|
|
|
|
| LEADER |
03872nam a2200553 4500 |
| 001 |
978-3-319-76463-4 |
| 003 |
DE-He213 |
| 005 |
20191025231118.0 |
| 007 |
cr nn 008mamaa |
| 008 |
180314s2018 gw | s |||| 0|eng d |
| 020 |
|
|
|a 9783319764634
|9 978-3-319-76463-4
|
| 024 |
7 |
|
|a 10.1007/978-3-319-76463-4
|2 doi
|
| 040 |
|
|
|d GrThAP
|
| 050 |
|
4 |
|a HN25
|
| 072 |
|
7 |
|a JFF
|2 bicssc
|
| 072 |
|
7 |
|a SOC026000
|2 bisacsh
|
| 072 |
|
7 |
|a JBF
|2 thema
|
| 082 |
0 |
4 |
|a 306
|2 23
|
| 245 |
1 |
0 |
|a Family, Work and Well-Being
|h [electronic resource] :
|b Emergence of New Issues /
|c edited by Mia Tammelin.
|
| 250 |
|
|
|a 1st ed. 2018.
|
| 264 |
|
1 |
|a Cham :
|b Springer International Publishing :
|b Imprint: Springer,
|c 2018.
|
| 300 |
|
|
|a VII, 116 p. 11 illus., 4 illus. in color.
|b online resource.
|
| 336 |
|
|
|a text
|b txt
|2 rdacontent
|
| 337 |
|
|
|a computer
|b c
|2 rdamedia
|
| 338 |
|
|
|a online resource
|b cr
|2 rdacarrier
|
| 347 |
|
|
|a text file
|b PDF
|2 rda
|
| 490 |
1 |
|
|a SpringerBriefs in Well-Being and Quality of Life Research,
|x 2211-7644
|
| 505 |
0 |
|
|a Chapter 1. Dimensions of working time, family and well-being: introduction (Author: Mia Tammelin) -- Part I. paid and Non-Paid Work in Families -- Chapter 2. European family working time regimes: a shift towards dual earning families (Mia Tammelin) -- Chapter 3. Division of labour within households: men's increased participation? ( Tomi Oinas) -- Part II. Emerging topics of Working Time: Richer or Poorer Family Life? -- Chapter 4. The flexibilisation of working hours in Europe (Timo Anttila) -- Chapter 5. 24/7 society: new opportunities and new risks (Timo Anttila) -- Chapter 6. Intensification of work, intensification of life: is it work that is exhausting us? (Armi Mustosmäki) -- Chapter 7. Mobile technology: good or bad for work-family relations? (Mia Tammelin) -- Chapter 8. Conclusions: synthesis of the findings and future responses ( Mia Tammelin, Timo Anttila, Tomi Oinas and Armi Mustosmäki).
|
| 520 |
|
|
|a This book analyses the current state-of-the-art research on families, working hours and well-being in Europe, addressing both paid and non-paid work from a family perspective, and introducing emerging issues related to working hours and family life. Further, it discusses the implications of these issues for the well-being of individuals and families. Examining topics such as the division of paid and non-paid work within families, flexibility patterns, the 24/7 society, intensification of work, and the implication of mobile technology for work-family relations, it illustrates how the experiences of working families differ depending on their socio-economic status .
|
| 650 |
|
0 |
|a Quality of life.
|
| 650 |
|
0 |
|a Social policy.
|
| 650 |
|
0 |
|a Industrial sociology.
|
| 650 |
|
0 |
|a Employee health promotion.
|
| 650 |
|
0 |
|a Families.
|
| 650 |
|
0 |
|a Families-Social aspects.
|
| 650 |
1 |
4 |
|a Quality of Life Research.
|0 http://scigraph.springernature.com/things/product-market-codes/X23000
|
| 650 |
2 |
4 |
|a Social Policy.
|0 http://scigraph.springernature.com/things/product-market-codes/W34020
|
| 650 |
2 |
4 |
|a Sociology of Work.
|0 http://scigraph.springernature.com/things/product-market-codes/X22240
|
| 650 |
2 |
4 |
|a Employee Health and Wellbeing.
|0 http://scigraph.springernature.com/things/product-market-codes/517050
|
| 650 |
2 |
4 |
|a Family.
|0 http://scigraph.springernature.com/things/product-market-codes/X27000
|
| 700 |
1 |
|
|a Tammelin, Mia.
|e editor.
|4 edt
|4 http://id.loc.gov/vocabulary/relators/edt
|
| 710 |
2 |
|
|a SpringerLink (Online service)
|
| 773 |
0 |
|
|t Springer eBooks
|
| 776 |
0 |
8 |
|i Printed edition:
|z 9783319764627
|
| 776 |
0 |
8 |
|i Printed edition:
|z 9783319764641
|
| 830 |
|
0 |
|a SpringerBriefs in Well-Being and Quality of Life Research,
|x 2211-7644
|
| 856 |
4 |
0 |
|u https://doi.org/10.1007/978-3-319-76463-4
|z Full Text via HEAL-Link
|
| 912 |
|
|
|a ZDB-2-SLS
|
| 950 |
|
|
|a Social Sciences (Springer-41176)
|